LEADER 01515oam 2200469zu 450 001 9910161634503321 005 20240419000602.0 010 $a1-62198-715-9 010 $a0-8031-4548-9 035 $a(CKB)1000000000475665 035 $a(SSID)ssj0000232120 035 $a(PQKBManifestationID)11194981 035 $a(PQKBTitleCode)TC0000232120 035 $a(PQKBWorkID)10209450 035 $a(PQKB)11636237 035 $a(NjHacI)991000000000475665 035 $a(EXLCZ)991000000000475665 100 $a20160829d2002 uy 101 0 $aeng 135 $aur||||||||||| 181 $ctxt 182 $cc 183 $acr 200 10$aRadiation Curing of Coatings 210 31$a[Place of publication not identified]$cAmerican Society for Testing & Materials$d2002 215 $a1 online resource (vii, 244 pages) $cillustrations 300 $aBibliographic Level Mode of Issuance: Monograph 311 $a0-8031-2095-8 606 $aPlastic coating 606 $aRadiation$xIndustrial applications 606 $aRadiation curing 615 0$aPlastic coating. 615 0$aRadiation$xIndustrial applications. 615 0$aRadiation curing. 676 $a668.4 700 $aKoleske$b J. V.$f1930-2019,$01735049 712 02$aAmerican Society for Testing and Materials Committee D-1 on Paint and Related Coatings, Materials, and Applications Staff 801 0$bPQKB 906 $aBOOK 912 $a9910161634503321 996 $aRadiation Curing of Coatings$94154027 997 $aUNINA